000 00743nam a22002177a 4500
005 20150223170914.0
010 _aBAC-CH25
020 _a9780007587810
_c399.00
035 _aG-002910
035 _aB-551070-096
037 _adpl
_bAakar/Ven
082 _aS
100 _aRoth, Veronica
245 _aDivergent /
_cby mukul Patel ; illustrated by Supriya Sahai
260 _aLondon
_bHarper Collins Publishers
_c2014
270 _a77-85 Fulham Palace Road, Hammersmith
_bLondon
_eW6 8JB
300 _a487p.
_c19cm(pbk)
942 _2ddc
_cCH
_mROT
_hS
999 _c86609
_d86609